Derecho a la vida: cultura de la muerte.

I tiakina i:
Ngā taipitopito rārangi puna kōrero
Kaituhi matua: Sáenz, Alfredo
Hōputu: Pukapuka
Reo:Pāniora
I whakaputaina: Buenos Aires, Argentina Gladius 1994
Putanga:Tercera edición
Ngā marau:
Ngā Tūtohu: Tāpirihia he Tūtohu
Kāore He Tūtohu, Me noho koe te mea tuatahi ki te tūtohu i tēnei pūkete!

MARC

LEADER 00000nam a2200000 a 4500
001 UCM5076
003 CL-VaPUC
005 20210303001644.0
008 020927e19940000ag |||||||||||||||||spa|d
999 |c 301374  |d 301372 
040 |c Pontificia Universidad Católica de Valparaíso 
082 0 4 |a 241.66 SAE 1994  |2 21 
100 0 |a Sáenz, Alfredo  |9 471409 
245 1 0 |a Derecho a la vida: cultura de la muerte. 
250 |a Tercera edición 
260 0 3 |a Buenos Aires, Argentina  |b Gladius  |c 1994 
300 |a 30 páginas. 
583 |a last modification  |c 20171017 10:38:39  |k Rodrigo Vera 
650 0 |a Teología moral   |9 256617 
650 0 |a Derecho natural   |9 255041 
650 0 |a Aborto  |9 256680 
650 7 |a CONTROL DE LA NATALIDAD  |2 CL-VaPUC  |9 308234 
942 |c BK  |2 ddc 
945 |d 20020927 00:00:00  |a cmena 
952 |0 0  |1 0  |2 ddc  |4 0  |6 241_660000000000000_SAE_1994  |7 0  |8 P  |9 360233  |a BIBEDU  |b BIBEDU  |c BIBEDU_PB  |d 2019-11-21  |i 3834913  |o 241.66 SAE 1994  |p 3834913  |r 2024-01-25  |t 1  |w 2019-11-21  |y BK  |k FIL